Vista normal
Vista MARC
Entrada Topical Term
Número de registros utilizados en: 1
001 - CONTROL NUMBER
- control field: 35451
003 - CONTROL NUMBER IDENTIFIER
- control field: OSt
005 - DATE AND TIME OF LATEST TRANSACTION
- control field: 20230915231944.0
008 - FIXED-LENGTH DATA ELEMENTS
- fixed length control field: 230915|| aca||aabn | a|a d
040 ## - CATALOGING SOURCE
- Original cataloging agency: OSt
- Transcribing agency: OSt
150 ## - HEADING--TOPICAL TERM
- Topical term or geographic name entry element: Cuentos infántiles colombianos - Siglo XXI
670 ## - SOURCE DATA FOUND
- Source citation: Work cat.: (OSt)32272: Drada Campo, Juan Manuel 35450, Oye - - cuéntame un cuento, Juanito Piñiñanga / , Valle del Cauca : [s.n.]